<?xml version="1.0" encoding="UTF-8"?>
<record
    xmlns:xsi="http://www.w3.org/2001/XMLSchema-instance"
    xsi:schemaLocation="http://www.loc.gov/MARC21/slim http://www.loc.gov/standards/marcxml/schema/MARC21slim.xsd"
    xmlns="http://www.loc.gov/MARC21/slim">

  <leader>01463nam a2200361 a 4500</leader>
  <controlfield tag="001">000020887</controlfield>
  <controlfield tag="003">DO-SdBNP</controlfield>
  <controlfield tag="005">20170918101212.0</controlfield>
  <controlfield tag="007">000020887</controlfield>
  <controlfield tag="008">100823s2003    dr ac         001 0 spa d</controlfield>
  <datafield tag="020" ind1=" " ind2=" ">
    <subfield code="a">9993400084</subfield>
  </datafield>
  <datafield tag="040" ind1=" " ind2=" ">
    <subfield code="a">BPMSU</subfield>
    <subfield code="b">spa</subfield>
    <subfield code="c">BPMSU</subfield>
  </datafield>
  <datafield tag="041" ind1="1" ind2="7">
    <subfield code="a">spa</subfield>
    <subfield code="h">eng</subfield>
  </datafield>
  <datafield tag="082" ind1=" " ind2="4">
    <subfield code="a">R709.7293</subfield>
    <subfield code="b">G377e, 2003</subfield>
  </datafield>
  <datafield tag="100" ind1="1" ind2=" ">
    <subfield code="a">Ger&#xF3;n, C&#xE1;ndido,</subfield>
    <subfield code="d">1950-</subfield>
  </datafield>
  <datafield tag="245" ind1="1" ind2="0">
    <subfield code="a">Enciclopedia de las artes pl&#xE1;sticas dominicanas :</subfield>
    <subfield code="b">1844-2003 /</subfield>
    <subfield code="c">C&#xE1;ndido Ger&#xF3;n ; traducci&#xF3;n Altagracia Amelia Cabral ; ilustraci&#xF3;n V&#xED;ctor Eugenio Cortina.</subfield>
  </datafield>
  <datafield tag="246" ind1="1" ind2=" ">
    <subfield code="a">Encyclopedia of Dominican plastic arts 1844-2003</subfield>
  </datafield>
  <datafield tag="250" ind1=" " ind2=" ">
    <subfield code="a">5a ed. aumentada, actualizada y corregida.</subfield>
  </datafield>
  <datafield tag="260" ind1=" " ind2=" ">
    <subfield code="a">Santo Domingo :</subfield>
    <subfield code="b">Corripio,</subfield>
    <subfield code="c">2003.</subfield>
  </datafield>
  <datafield tag="300" ind1=" " ind2=" ">
    <subfield code="a">733 p. :</subfield>
    <subfield code="b">il., retrs. ;</subfield>
    <subfield code="c">31 cm.</subfield>
  </datafield>
  <datafield tag="504" ind1=" " ind2=" ">
    <subfield code="a">Incluye referencias bibliogr&#xE1;ficas</subfield>
  </datafield>
  <datafield tag="586" ind1=" " ind2=" ">
    <subfield code="a">Premio nacional de did&#xE1;ctica 1988</subfield>
  </datafield>
  <datafield tag="650" ind1=" " ind2="4">
    <subfield code="a">ARTE DOMINICANA</subfield>
    <subfield code="y">1844-2003</subfield>
    <subfield code="v">DICCIONARIOS,  ENCICLOPEDIAS</subfield>
  </datafield>
  <datafield tag="650" ind1=" " ind2="4">
    <subfield code="a">ARTE  MODERNO</subfield>
    <subfield code="z">REP&#xDA;BLICA DOMINICANA</subfield>
    <subfield code="y">1844-2003</subfield>
    <subfield code="v">DICCIONARIOS, ENCICLOPEDIAS  </subfield>
  </datafield>
  <datafield tag="650" ind1=" " ind2="4">
    <subfield code="a">PINTURAS DOMINICANAS</subfield>
    <subfield code="y">1844-2003</subfield>
    <subfield code="v">DICCIONARIOS,  ENCICLOPEDIAS</subfield>
  </datafield>
  <datafield tag="650" ind1=" " ind2="4">
    <subfield code="a">ARTISTAS DOMINICANOS</subfield>
    <subfield code="x">BIOGRAF&#xCD;AS</subfield>
    <subfield code="y">1844-2003</subfield>
    <subfield code="v">DICCIONARIOS, ENCICLOPEDIAS </subfield>
  </datafield>
  <datafield tag="700" ind1="1" ind2="2">
    <subfield code="a">Cabral, Altagracia Amelia,</subfield>
    <subfield code="e">tr.</subfield>
  </datafield>
  <datafield tag="700" ind1="1" ind2="2">
    <subfield code="a">Cortina, V&#xED;ctor Eugenio,</subfield>
    <subfield code="e">il.</subfield>
  </datafield>
  <datafield tag="910" ind1=" " ind2=" ">
    <subfield code="a">Validado. Control de calidad BNPHU</subfield>
  </datafield>
  <datafield tag="942" ind1=" " ind2=" ">
    <subfield code="2">ddc</subfield>
    <subfield code="c">BK</subfield>
  </datafield>
  <datafield tag="945" ind1=" " ind2=" ">
    <subfield code="a">Inventariado, 2017/MFF</subfield>
  </datafield>
  <datafield tag="952" ind1=" " ind2=" ">
    <subfield code="0">0</subfield>
    <subfield code="1">0</subfield>
    <subfield code="2">ddc</subfield>
    <subfield code="4">0</subfield>
    <subfield code="7">0</subfield>
    <subfield code="8">CG</subfield>
    <subfield code="a">BPMET</subfield>
    <subfield code="b">BPMET</subfield>
    <subfield code="d">2015-01-19</subfield>
    <subfield code="l">0</subfield>
    <subfield code="o">R 709.7293   G377e    2003</subfield>
    <subfield code="p">BPMSU15040676</subfield>
    <subfield code="r">2015-01-19</subfield>
    <subfield code="w">2015-01-19</subfield>
    <subfield code="y">BK</subfield>
  </datafield>
  <datafield tag="952" ind1=" " ind2=" ">
    <subfield code="0">0</subfield>
    <subfield code="1">0</subfield>
    <subfield code="2">ddc</subfield>
    <subfield code="4">0</subfield>
    <subfield code="7">0</subfield>
    <subfield code="8">CR-D</subfield>
    <subfield code="a">BPMET</subfield>
    <subfield code="b">BPMET</subfield>
    <subfield code="d">2015-01-19</subfield>
    <subfield code="l">0</subfield>
    <subfield code="o">R 709.7293   G377e    2003</subfield>
    <subfield code="p">BPMSU15040677</subfield>
    <subfield code="r">2015-01-19</subfield>
    <subfield code="t"> ej. 2</subfield>
    <subfield code="w">2015-01-19</subfield>
    <subfield code="y">BK</subfield>
  </datafield>
  <datafield tag="952" ind1=" " ind2=" ">
    <subfield code="0">0</subfield>
    <subfield code="1">0</subfield>
    <subfield code="2">ddc</subfield>
    <subfield code="4">0</subfield>
    <subfield code="7">0</subfield>
    <subfield code="a">BPMET</subfield>
    <subfield code="b">BPMET</subfield>
    <subfield code="d">2015-01-19</subfield>
    <subfield code="l">0</subfield>
    <subfield code="o">R 709.7293   G377e    2003</subfield>
    <subfield code="p">BPMSU15040678</subfield>
    <subfield code="r">2015-01-19</subfield>
    <subfield code="t">ej. 3</subfield>
    <subfield code="w">2015-01-19</subfield>
    <subfield code="y">BK</subfield>
  </datafield>
  <datafield tag="956" ind1=" " ind2=" ">
    <subfield code="a">VMATEO</subfield>
    <subfield code="b">10</subfield>
    <subfield code="c">20140423</subfield>
    <subfield code="l">BPMSU</subfield>
    <subfield code="h">0069</subfield>
  </datafield>
  <datafield tag="999" ind1=" " ind2=" ">
    <subfield code="c">7203</subfield>
    <subfield code="d">7203</subfield>
  </datafield>
</record>
